Best Active NBA Small Forwards - Statistics

General Stats
  • This quiz has been taken 1,145 times
  • The average score is 7 of 15
Answer Stats
Rank Player Team PPG RPG APG % Correct
#1 Kevin Durant Oklahoma City Thunder 28.0 8.3 5.0
99%
#2 LeBron James Cleveland Cavaliers 25.0 7.4 6.6
99%
#4 Paul George Indiana Pacers 23.4 7.0 4.1
93%
#3 Carmelo Anthony New York Knicks 22.1 7.9 4.2
92%
#5 Kawhi Leonard San Antonio Spurs 20.9 6.8 2.5
89%
#6 Giannis Antetokounmpo Milwaukee Bucks 16.5 7.5 4.0
53%
#8 Gordon Hayward Utah Jazz 19.6 4.8 3.7
50%
#9 Kobe Bryant Los Angeles Lakers 16.6 3.9 2.9
37%
#7 Rudy Gay Sacramento Kings 17.0 6.3 1.7
30%
#12 Jae Crowder Boston Celtics 14.4 5.2 1.9
17%
#10 Tobias Harris Orlando Magic 14.5 6.7 2.3
14%
#15 Luol Deng Miami Heat 12.2 5.9 1.8
10%
#11 Will Barton Denver Nuggets 14.8 6.0 2.5
10%
#14 Robert Covington Philadelphia 76ers 12.2 6.1 1.4
9%
#13 Chandler Parsons Dallas Mavericks 13.7 4.7 2.8
6%
No matching quizzes found
Score Distribution
Percent of People with Each Score
Percentile by Number Answered
Your Score History
You have not taken this quiz